| 000 | 00659nam a2200205Ii 4500 | ||
|---|---|---|---|
| 003 | JO-AjNU | ||
| 008 | 230605s9999||||xx |||||||||||||| ||und|| | ||
| 040 |
_aJO-AjNU _bara _erda _cJO-AjNU |
||
| 041 | _aara | ||
| 050 | 1 | 4 | _aBP75.2.A27.1985 |
| 100 | 3 |
_aأبو خليل،شوقي, _eauthor _910112 |
|
| 245 | 0 | 0 | _aالهجرة حدث غير مجرى التاريخ |
| 250 | _aط3 | ||
| 264 | 3 | 1 | _aدمشق:دار الفكر للطباعة والتوزيع والنشر ،1985 |
| 300 | _a134ص | ||
| 336 |
_atext _btxt _2rdacontent |
||
| 337 |
_aunmediated _bn _2rdamedia |
||
| 338 |
_avolume _bnc _2rdacarrier |
||
| 650 | 4 |
_aالهجرة النبوية _910113 |
|
| 999 |
_aA1642 _c5210 _d5210 |
||